Find it fast : how to uncover expert information on any subject online or in print /
Uložené v:
| Hlavný autor: | |
|---|---|
| Médium: | Kniha |
| Jazyk: | English |
| Vydané: |
New York :
HarperResource,
c2000
|
| Vydanie: | 5th ed. |
| Témy: | |
| ISBN: |
0062737473 (brož.) |
| Fyzický popis: |
372 s. : il. ; 21 cm |
| Tagy: |
Pridať tag
Žiadne tagy, Buďte prvý kto otaguje tento záznam!
|
Titul je dostupný aj v ... 

MARC
| LEADER | 00000nam a2200000 a 4500 | ||
|---|---|---|---|
| 001 | 000000061 | ||
| 005 | 20040308113420.0 | ||
| 008 | 040217s2000 xxu j engo | ||
| 020 | |a 0062737473 (brož.) | ||
| 040 | |a SVKKK |b slo |c SVKKK |e AACR2 | ||
| 041 | 0 | |a eng | |
| 044 | |a xxu |c US | ||
| 072 | 7 | |a 00 |x Veda. Všeobecnosti. Základy vedy a kultúry. Vedecká práca |2 konspekt | |
| 080 | |a 001.81 |2 1997 | ||
| 080 | |a 001.814 |2 1997 | ||
| 080 | |a (035) |2 1997 | ||
| 100 | 1 | |a Berkman, Robert I. |4 aut | |
| 245 | 1 | 0 | |a Find it fast : |b how to uncover expert information on any subject online or in print / |c Robert I. Berkman |
| 250 | |a 5th ed. | ||
| 260 | |a New York : |b HarperResource, |c c2000 | ||
| 300 | |a 372 s. : |b il. ; |c 21 cm | ||
| 650 | 0 | 7 | |a výskum |2 SVKKKPH |
| 650 | 0 | 7 | |a hľadanie informácií |2 SVKKKPH |
| 650 | 0 | 7 | |a zhromažďovanie prameňov |2 SVKKKPH |
| 655 | 7 | |a príručky |2 SVKKKPH | |
| 919 | |a 0-06-273747-3 | ||
| 998 | |a BK | ||
| 090 | |g SCKHL |k Sklad Pribinova 2. posch. |a III.196175 |j 959481 |i 2720019941 |s Absenčne | ||